[Event "20th Zadar Open A 2013"]
[Site "Zadar CRO"]
[Date "2013.12.16"]
[Round "2.9"]
[White "Stevic,H"]
[Black "Biliskov,V"]
[Result "1-0"]
[WhiteElo "2611"]
[BlackElo "2353"]

1.e4 c5 2.Nf3 d6 3.Bb5+ Bd7 4.c4 Nc6 5.d4 cxd4 6.Nxd4 Nf6 7.Nc3 g6 8.Be3 Bg7
9.h3 O-O 10.O-O a6 11.Bxc6 bxc6 12.c5 Qc7 13.Rc1 Rfd8 14.cxd6 exd6 15.Nd5 Nxd5
16.exd5 c5 17.b4 Qb7 18.bxc5 dxc5 19.Rxc5 Bf8 20.Nc6 Bxc5 21.Nxd8 Qb6 22.Bxc5 Qxc5
23.Nc6 Bxc6 24.dxc6 Qxc6 25.Qd4 Qe6 26.a3 Re8 27.Rd1 Qe5 28.Qb4 h5 29.g3 Qe2
30.Rd4 Qf3 31.Rf4 Qd5 32.Qc3 Rb8 33.Rb4 Rxb4 34.axb4 Qe4 35.h4 Qe2 36.Kg2 Qe4+
37.Kf1 Qh1+ 38.Ke2 Qe4+ 39.Kd2 Qd5+ 40.Qd3 Qa2+ 41.Ke3 Qe6+ 42.Qe4 Qb6+ 43.Qd4 Qe6+
44.Kd2 Qb3 45.Qc5 Qb2+ 46.Kd3 Qb3+ 47.Kd4 Qe6 48.f4 Qe2 49.Qc8+ Kg7 50.Qc3 Qb5
51.Qc5 Qf1 52.Qc3 Qb5 53.Qc4 Qd7+ 54.Qd5 Qa4 55.Qe5+ Kg8 56.Qb8+ Kg7 57.Kc5 Kh7
58.Qb7 Kg7 59.Qb8 Kh7 60.Qb7 Kg7 61.Qb8 Kh7 62.Kd6 Qb3 63.Ke7 Qe6+ 64.Kf8 Qc4
65.Qd6 Qb5 66.Kxf7 Qb7+ 67.Qe7  1-0

[Event "SportAccord Basque Men 2013"]
[Site "Beijing CHN"]
[Date "2013.12.17"]
[Round "3.2"]
[White "Leko,P"]
[Black "Wang Hao"]
[Result "1/2-1/2"]
[WhiteElo "2730"]
[BlackElo "2735"]

1.e4 c5 2.Nf3 d6 3.Bb5+ Nc6 4.O-O Bd7 5.c3 Nf6 6.Re1 a6 7.Bf1 Bg4 8.h3 Bxf3
9.Qxf3 e6 10.d3 Be7 11.Na3 O-O 12.Nc2 d5 13.e5 Nd7 14.Bf4 Bg5 15.Bh2 Qb6
16.Rab1 Bd2 17.Red1 Bh6 18.Qe2 Rac8 19.f4 g6 20.g4 Bg7 21.h4 h6 22.Ne1 Qa5
23.a3 b5 24.Nf3 b4 25.cxb4 cxb4 26.f5 gxf5 27.gxf5 exf5 28.Bh3 Ne7 29.d4 Qb5
30.Qe3 Rc2 31.Bf1 Qc6 32.axb4 Rb8 33.Ne1 Qg6+ 34.Kh1 Rxh2+ 35.Kxh2 Rxb4 36.Nf3 Qg4
37.Bd3 Rxd4 38.Nxd4 Bxe5+ 39.Kh1 Qxh4+ 40.Kg2 Qg4+ 41.Kh1 Qh4+ 42.Kg2 Qg4+
43.Kh1 Qh4+  1/2-1/2

[Event "Pavlodar Open 2013"]
[Site "Pavlodar KAZ"]
[Date "2013.12.17"]
[Round "8.23"]
[White "Ainutdinova,Y"]
[Black "Sorokin,Aleksey"]
[Result "0-1"]
[WhiteElo "2131"]
[BlackElo "2179"]

1.e4 c5 2.Nf3 d6 3.Bb5+ Nd7 4.c3 Nf6 5.Qe2 a6 6.Ba4 e6 7.O-O Be7 8.d4 O-O
9.Bg5 b5 10.Bc2 e5 11.Nbd2 Bb7 12.Rfd1 Qc7 13.Nf1 h6 14.Bxf6 Bxf6 15.d5 Rfb8
16.Ne3 Bc8 17.c4 Nb6 18.Bd3 bxc4 19.Bxc4 Nxc4 20.Nxc4 a5 21.Qd2 Rb4 22.Qc3 Ba6
23.Nfd2 Bg5 24.a3 Bxd2 25.Nxd2 Rb7 26.Rdc1 Qb6 27.Rab1 Rab8 28.b3 Qd8 29.h3 Rb5
30.Nc4 a4 31.b4 cxb4 32.axb4 Rc8 33.Qa3 Qg5 34.Qxa4 Ra8 35.Nxd6 Rb6 36.Nf5 Kh7
37.Qb3 Rab8 38.Qc3 Rxb4 39.Rxb4 Rxb4 40.Re1 Rb6 41.Qxe5 Rg6 42.Qg3 Qh5 43.Qe3 Bc8
44.Ng3 Qe5 45.f4 Qb2 46.e5 h5 47.Qf2 Qb3 48.Re3 Qxd5 49.Nxh5 Qd1+ 50.Kh2 Qxh5
51.Rg3 Rxg3 52.Qxg3 Bf5 53.Qe3 Qh6 54.Qf3 Qg6 55.g4 Be4 56.Qf2 Qh6 57.f5 Bd5
58.Qd4 Qc6 59.Kg3 Qb5 60.Kh4 Qb3 61.Qf4 Qd3 62.g5 Be4 63.e6 Bxf5 64.exf7 Qxh3+  0-1

[Event "Pavlodar Open 2013"]
[Site "Pavlodar KAZ"]
[Date "2013.12.17"]
[Round "8.40"]
[White "Tsepennikova,T"]
[Black "Mukanov,Adilzhan"]
[Result "1-0"]
[WhiteElo "2102"]
[BlackElo "1735"]

1.e4 c5 2.Nf3 d6 3.Bb5+ Bd7 4.Bxd7+ Qxd7 5.O-O Nc6 6.c3 Nf6 7.Re1 e6 8.d4 cxd4
9.cxd4 d5 10.exd5 Nxd5 11.Nc3 Be7 12.Ne4 O-O 13.Ne5 Nxe5 14.dxe5 Qc7 15.Ng3 Rad8
16.Qg4 Kh8 17.Nh5 Rg8 18.Be3 Qxe5 19.Bb6 Qg5 20.Qxg5 Bxg5 21.Bxd8 Bxd8 22.Rac1 g6
23.Ng3 Bb6 24.Rc4 Kg7 25.Ne4 Rd8 26.Rd1 Rd7 27.Rc2 Re7 28.a3 Bc7 29.Nc3 Nf4
30.g3 Nh5 31.Nb5 Bb6 32.Nd6 e5 33.Nc8 Re6 34.Rd7 Bd4 35.Nd6 Nf6 36.Rxf7+ Kh6
37.Nxb7 e4 38.Nd8 Rd6 39.Nc6 Bb6 40.Ne5 Kg5 41.Kg2 e3 42.fxe3 Nd5 43.h4+  1-0

[Event "WYCC U18 Girls 2013"]
[Site "Al-Ain UAE"]
[Date "2013.12.18"]
[Round "1.4"]
[White "Xiao,Alice Huanyi"]
[Black "Osmanodja,F"]
[Result "0-1"]
[WhiteElo "1874"]
[BlackElo "2274"]

1.e4 c5 2.Nf3 d6 3.Bb5+ Nc6 4.O-O Bd7 5.c3 a6 6.Ba4 g6 7.d4 b5 8.Bb3 Bg7
9.Be3 c4 10.Bc2 Nf6 11.h3 O-O 12.Qd2 Nh5 13.Bh6 e5 14.Bxg7 Kxg7 15.Rd1 Ra7
16.a4 Rb7 17.axb5 axb5 18.Ra6 Qe7 19.Na3 Nb8 20.Ra8 Bc6 21.d5 Be8 22.b3 cxb3
23.Bxb3 Nd7 24.Rb1 Nc5 25.Bc2 Bd7 26.Rxf8 Qxf8 27.c4 Qb8 28.cxb5 Bxb5 29.Qg5 f6
30.Qe3 Ba6 31.Rxb7+ Qxb7 32.Qc3 Nf4 33.Kh2 Qb6 34.Nd2 Ne2 35.Qe3 Qb2 36.Bd1 Nc3
37.Nac4 Bxc4 38.Nxc4 Nxd1 39.Nxb2 Nxe3 40.fxe3 Nxe4 41.Nc4 Kf7 42.Kg1 Ke7
43.Kf1 Kd7 44.Ke2 Nc3+ 45.Kd3 Nxd5 46.g4 Ke6 47.Ke4 Nb4 48.Kf3 d5 49.Nb2 Kd6
50.h4 e4+ 51.Kg3 d4 52.exd4 Kd5 53.g5 f5 54.Kf4 Kxd4 55.Nd1 Nd3+ 56.Kg3 f4+
57.Kg2 Ne5 58.Kf2 Kd3 59.Ke1 e3 60.Nb2+ Ke4 61.Nd1 Nd3+ 62.Kf1 Kf3 63.Nc3 Nc1
64.Ke1 e2 65.Kd2 Kf2 66.Ne4+ Kf1 67.Ng3+ fxg3  0-1

[Event "SportAccord Basque Men 2013"]
[Site "Beijing CHN"]
[Date "2013.12.18"]
[Round "4.2"]
[White "Radjabov,T"]
[Black "Grischuk,A"]
[Result "0-1"]
[WhiteElo "2713"]
[BlackElo "2783"]

1.Nf3 c5 2.e4 d6 3.Bb5+ Nd7 4.c3 Nf6 5.Qe2 a6 6.Ba4 b5 7.Bc2 Bb7 8.d4 e5
9.O-O Be7 10.a4 O-O 11.Rd1 Qb8 12.d5 c4 13.Nbd2 Nc5 14.Rb1 Nfd7 15.axb5 axb5
16.Nf1 Ba6 17.Ng3 g6 18.Qd2 Re8 19.Qh6 Bf8 20.Qh4 b4 21.cxb4 Qxb4 22.Ng5 Nf6
23.Nh3 Bg7 24.Bh6 Bc8 25.Bg5 Nfd7 26.Bh6 Nf8 27.Bxg7 Kxg7 28.Qg5 Kh8 29.Qf6+ Kg8
30.Ng5 Qb7 31.Qxd6 Qe7 32.Qxe7 Rxe7 33.Nf3 Bg4 34.Ne2 Rb7 35.Nc3 Nfd7 36.Rdc1 Bxf3
37.gxf3 Nf6 38.Nd1 Nh5 39.Ne3 Nf4 40.Kf1 Rb4 41.Bd1 Ncd3 42.Rxc4 Rxb2 43.Rxb2 Nxb2
44.Rc1 Nbd3 45.Rb1 Ra2 46.Bc2 Nc5 47.Rc1 Kg7 48.Rd1 h5 49.h4 Rb2 50.Ke1 Kf8
51.Kd2 Rb8 52.Ra1 Ke7 53.Ra7+ Rb7 54.Ra5 Rc7 55.Rb5 Nb7 56.Nc4 Nd6 57.Nxd6 Kxd6
58.Rb6+ Kc5 59.Rf6 Ng2 60.Ba4 Ra7 61.Be8 Kd4 62.d6 Ra2+ 63.Kc1 Kc3 64.Kb1 Rb2+
65.Ka1 Ne1 66.Ba4 Rb4 67.d7 Rxa4+ 68.Kb1 Rd4  0-1

[Event "SportAccord Basque Women 2013"]
[Site "Beijing CHN"]
[Date "2013.12.18"]
[Round "5.2"]
[White "Muzychuk,A"]
[Black "Sebag,M"]
[Result "0-1"]
[WhiteElo "2566"]
[BlackElo "2501"]

1.e4 c5 2.Nf3 d6 3.Bb5+ Nd7 4.O-O Nf6 5.Re1 a6 6.Bf1 e5 7.c3 Be7 8.d4 O-O
9.dxe5 Nxe5 10.Nxe5 dxe5 11.Qxd8 Rxd8 12.a4 Bd7 13.a5 Ne8 14.Be3 Rac8 15.Na3 Nd6
16.f3 Be6 17.Be2 f6 18.Kf2 Kf7 19.Red1 g6 20.g3 Rd7 21.Ke1 Rdd8 22.Rd2 Rd7
23.Nc4 Nxc4 24.Bxc4 Rxd2 25.Bxe6+ Kxe6 26.Kxd2 c4 27.Ke2 Bc5 28.Ra4 Bxe3
29.Kxe3 Rc5 30.Rb4 Rb5 31.h4 h5 32.f4 exf4+ 33.gxf4 Rxa5 34.Rb6+ Ke7 35.Rxb7+ Ke6
36.Rb6+ Ke7 37.Kd4 g5 38.hxg5 fxg5 39.f5 Rb5 40.Rh6 h4 41.e5 Rxb2 42.Rh7+ Kf8
43.e6 Re2 44.Kd5 Kg8 45.Rb7 h3 46.f6 h2 47.Rb1 g4 48.Kd6 g3 49.Rf1 g2 50.f7+ Kf8
51.Rb1 Rd2+ 52.Kc7 Kg7 53.Rb8 Rf2 54.Rg8+ Kh7 55.Rxg2 Rxg2 56.f8=Q h1=Q 57.e7 Qh2+
58.Kc8 Qh3+  0-1

[Event "51st ch-IND Premier 2013"]
[Site "Jalgaon IND"]
[Date "2013.12.18"]
[Round "2.6"]
[White "G.,A"]
[Black "Ashwin,J"]
[Result "1/2-1/2"]
[WhiteElo "2343"]
[BlackElo "2487"]

1.e4 c5 2.Nf3 d6 3.Bb5+ Nd7 4.d4 cxd4 5.Qxd4 a6 6.Bxd7+ Bxd7 7.c4 Bg4 8.Nfd2 Nf6
9.Nc3 g6 10.Nd5 Bg7 11.Nxf6+ exf6 12.b3 Qa5 13.Bb2 Qe5 14.Nf1 Be6 15.Ne3 f5
16.Qxe5 Bxe5 17.Bxe5 dxe5 18.exf5 gxf5 19.O-O-O f4 20.Nd5 O-O-O 21.Nf6 h5
22.g3 Rxd1+ 23.Rxd1 fxg3 24.fxg3 Rh6 25.Rf1 Kd8 26.Kd2 Rg6 27.Ke3 Ke7 28.Nd5+ Kd6
29.Nf6 Ke7 30.Nd5+ Kd6 31.Nf6 Ke7  1/2-1/2

[Event "20th Zadar Open A 2013"]
[Site "Zadar CRO"]
[Date "2013.12.18"]
[Round "5.9"]
[White "Predojevic,B"]
[Black "Mazi,L"]
[Result "1-0"]
[WhiteElo "2607"]
[BlackElo "2377"]

1.e4 c5 2.Nf3 d6 3.Bb5+ Nd7 4.O-O Nf6 5.Re1 a6 6.Bf1 e5 7.c3 Be7 8.d4 b6
9.dxe5 dxe5 10.c4 O-O 11.Nc3 Ne8 12.g3 Bd6 13.Be3 Ra7 14.Qd3 Qf6 15.Nd5 Qd8
16.Nc3 Qf6 17.Nd5 Qd8 18.Bh3 Rb7 19.Nh4 Nb8 20.Bxc8 Qxc8 21.Nf5 Qe6 22.Rad1 f6
23.Qa3 Rff7 24.Qa4 Bf8 25.a3 h5 26.b4 g6 27.Nh4 Kh7 28.f4 Ng7 29.f5 gxf5
30.exf5 Qc8 31.b5 Ra7 32.Qc2 axb5 33.cxb5 Nd7 34.g4 hxg4 35.Qe4 Qa8 36.Qxg4 Ra4
37.Qh3 Rxh4 38.Qxh4+ Kg8 39.Qe4 Qxa3 40.Kh1 c4 41.Rg1 Bc5 42.Qxc4 Bxe3 43.Nxe3 Qxe3
44.Rxd7 Kh7 45.Qh4+ Kg8 46.Rd8+  1-0

[Event "Al-Ain Classic Open A 2013"]
[Site "Al-Ain UAE"]
[Date "2013.12.19"]
[Round "1.9"]
[White "Thakur,Ak"]
[Black "Gupta,Ab"]
[Result "0-1"]
[WhiteElo "2283"]
[BlackElo "2608"]

1.e4 c5 2.Nf3 d6 3.Bb5+ Nc6 4.O-O Bd7 5.Re1 a6 6.Bxc6 Bxc6 7.d4 cxd4 8.Nxd4 Bd7
9.b3 Nf6 10.Ba3 e5 11.Nf5 Bxf5 12.exf5 Be7 13.f4 Qb6+ 14.Kf1 h5 15.h3 h4
16.fxe5 Nh5 17.g4 hxg3 18.Qf3 Qf2+ 19.Qxf2 gxf2 20.Re3 Bg5 21.Rf3 dxe5 22.Nc3 Nf6
23.Kg2 O-O-O 24.Rxf2 Be3 25.Rf3 Rd2+ 26.Kf1 Bd4 27.Re1 Ng4  0-1

[Event "20th Zadar Open B 2013"]
[Site "Zadar CRO"]
[Date "2013.12.19"]
[Round "7.1"]
[White "Muratovic,En"]
[Black "Mihalinec,D"]
[Result "1-0"]
[WhiteElo "2277"]
[BlackElo "2230"]

1.e4 c5 2.Nf3 d6 3.Bb5+ Nd7 4.d4 cxd4 5.Qxd4 a6 6.Bxd7+ Qxd7 7.c4 Nf6 8.Nc3 e6
9.Bg5 Be7 10.Rd1 Qc7 11.Bxf6 Bxf6 12.Qxd6 Qxd6 13.Rxd6 Bxc3+ 14.bxc3 Ke7
15.Rb6 Rd8 16.Ke2 Rd7 17.Rhb1 Rc7 18.Kd3 f6 19.e5 Kf7 20.Kd4 Kg6 21.c5 Kf5
22.h3 h5 23.c4 Kf4 24.R1b3 a5 25.g3+ Kf5 26.Nh4+ Kg5 27.f4+ Kh6 28.g4 hxg4
29.hxg4 fxe5+ 30.fxe5 Kg5 31.Nf3+ Kxg4 32.Nh2+ Kh4 33.Rf3 a4 34.Rb2 g5 35.Rg2 Rd7+
36.Kc3 Ra5 37.Rf8 Kh3 38.Rxg5 Rh7 39.Nf3 Rxc5 40.Rfg8  1-0

[Event "Al-Ain Classic Open A 2013"]
[Site "Al-Ain UAE"]
[Date "2013.12.20"]
[Round "2.9"]
[White "Ghaem Maghami,E"]
[Black "Djuraev,S"]
[Result "1/2-1/2"]
[WhiteElo "2560"]
[BlackElo "2355"]

1.e4 c5 2.Nf3 d6 3.Bb5+ Nd7 4.d4 cxd4 5.Qxd4 a6 6.Bxd7+ Bxd7 7.c4 e5 8.Qd3 b5
9.Nc3 bxc4 10.Qxc4 Be6 11.Qd3 h6 12.O-O Nf6 13.Rd1 Be7 14.Nh4 O-O 15.g3 Qd7
16.Ng2 Qb7 17.Ne3 Rac8 18.f3 Rfd8 19.b3 d5 20.Ncxd5 Nxd5 21.Nxd5 Bxd5 22.exd5 Bc5+
23.Be3 Bxe3+ 24.Qxe3 Rxd5 25.Rac1 Rxc1 26.Rxc1 Qd7 27.Re1 Qf5 28.Qe4 Qe6
29.Qe3 Qf5  1/2-1/2

[Event "51st ch-IND Premier 2013"]
[Site "Jalgaon IND"]
[Date "2013.12.20"]
[Round "4.6"]
[White "Stany,G"]
[Black "Sasikiran,K"]
[Result "0-1"]
[WhiteElo "2397"]
[BlackElo "2666"]

1.e4 c5 2.Nf3 d6 3.Bb5+ Nd7 4.d4 cxd4 5.Qxd4 a6 6.Bxd7+ Bxd7 7.c4 Nf6 8.Bg5 e6
9.Nc3 Be7 10.O-O O-O 11.Qd3 h6 12.Be3 b5 13.cxb5 axb5 14.a3 Qb8 15.Bd2 e5
16.Nh4 Rc8 17.f4 b4 18.axb4 Rxa1 19.Rxa1 exf4 20.Nf5 Bxf5 21.exf5 Qxb4 22.Na4 Qb7
23.Bxf4 d5 24.b3 Ng4 25.Bg3 Bg5 26.Bf2 d4 27.Bxd4 Rd8 28.Qf3 Qxf3 29.gxf3 Rxd4
30.fxg4 Rxg4+ 31.Kh1 Rf4 32.Rb1 Rxf5 33.b4 Rf4 34.Nc3 Rc4 35.Nd5 Rd4 36.Nc7 Bd8
37.Na6 Bb6 38.Rc1 Rd6 39.Rc8+ Kh7 40.Nb8 Rd4 41.Nc6 Rc4 42.Kg2 h5 43.Kf3 g5
44.Ke2 Rc2+ 45.Kd3 Rxh2 46.Rb8 Bg1 47.b5 g4 48.Ne5 Rh3+ 49.Ke4 Re3+  0-1

[Event "WYCC U18 Girls 2013"]
[Site "Al-Ain UAE"]
[Date "2013.12.21"]
[Round "5.29"]
[White "Xiao,Alice Huanyi"]
[Black "Tuzi,Bruna"]
[Result "1/2-1/2"]
[WhiteElo "1874"]
[BlackElo "1754"]

1.e4 c5 2.Nf3 d6 3.Bb5+ Bd7 4.Bxd7+ Nxd7 5.O-O Ngf6 6.Re1 e6 7.d4 Be7 8.c4 cxd4
9.Nxd4 O-O 10.Nc3 Rc8 11.b3 a6 12.Bb2 Qc7 13.Kh1 g6 14.f4 e5 15.Nf3 Qc5 16.Nd5 Nxd5
17.exd5 f6 18.Nd4 Rfe8 19.Qg4 Nf8 20.Ne6 Nxe6 21.Qxe6+ Kg7 22.fxe5 dxe5 23.Rad1 Qd6
24.Rxe5 Qxe6 25.Rxe6 b5 26.d6 Rcd8 27.h3 Kf7 28.Rde1 Rxd6 29.Rxd6 Bxd6 30.Rxe8 Kxe8
31.cxb5 axb5 32.Bxf6 Kf7 33.Bb2 b4 34.Kg1 Ke6 35.Kf1 Kd5 36.Ke2 Ke4 37.Bg7 h5
38.Bh6 Bc5 39.Kd2 Bd6 40.Ke2 Bc5 41.Bc1 Bd6 42.Bh6 Bc5 43.Kd2 Bd6 44.Kc2 Bc5
45.Kb1 Kd3 46.g4 hxg4 47.hxg4 Bd6 48.Kb2 Bc5 49.a4 bxa3+ 50.Ka2 Kc2 51.Bg7  1/2-1/2

[Event "16th Padova Open A 2013"]
[Site "Padova ITA"]
[Date "2013.12.21"]
[Round "8.1"]
[White "Rozentalis,E"]
[Black "Georgiev,Ki"]
[Result "1/2-1/2"]
[WhiteElo "2622"]
[BlackElo "2648"]

1.e4 c5 2.Nf3 d6 3.Bb5+ Nd7 4.O-O a6 5.Bxd7+ Bxd7 6.c4 b5 7.b3 e5 8.Nc3 g6
9.d3 Bg7 10.Nd5 h6 11.b4 cxb4 12.Be3 Rb8 13.c5 Nf6 14.Nxb4 a5 15.c6 axb4
16.cxd7+  1/2-1/2

[Event "Al-Ain Classic Open A 2013"]
[Site "Al-Ain UAE"]
[Date "2013.12.22"]
[Round "4.38"]
[White "Zayan,O"]
[Black "Djaballah,F"]
[Result "0-1"]
[WhiteElo "2234"]
[BlackElo "2037"]

1.e4 c5 2.Nf3 d6 3.Bb5+ Bd7 4.Bxd7+ Qxd7 5.c4 Nc6 6.d4 cxd4 7.Nxd4 Nf6 8.Nc3 g6
9.O-O Bg7 10.Nde2 O-O 11.f3 Rac8 12.Be3 a6 13.Na4 Rb8 14.Nb6 Qd8 15.Nc3 Nd7
16.Nca4 f5 17.Qd2 f4 18.Nxd7 Qxd7 19.Bxf4 b5 20.cxb5 axb5 21.Nc3 b4 22.Ne2 Qe6
23.Be3 Ra8 24.Nf4 Qf7 25.Nd5 Rfb8 26.Rfc1 Ne5 27.Rc7 b3 28.a3 Nxf3+ 29.gxf3 Qxf3
30.Rxe7 Qg4+ 31.Qg2 Qxg2+ 32.Kxg2 Bxb2  0-1

[Event "51st Groningen Open A 2013"]
[Site "Groningen NED"]
[Date "2013.12.22"]
[Round "2.9"]
[White "Bok,B"]
[Black "Pijpers,A"]
[Result "1-0"]
[WhiteElo "2540"]
[BlackElo "2366"]

1.e4 c5 2.Nf3 d6 3.Bb5+ Bd7 4.Bxd7+ Qxd7 5.c4 Nf6 6.Nc3 g6 7.d4 cxd4 8.Nxd4 Bg7
9.f3 O-O 10.Be3 Nc6 11.O-O a6 12.a4 e6 13.Nde2 Qc7 14.Kh1 Nd7 15.Rb1 Nb4
16.b3 Nc5 17.Qd2 Rfd8 18.f4 Qc6 19.Bd4 e5 20.Bg1 exf4 21.Nxf4 Re8 22.a5 Bh6
23.Qf2 Qd7 24.Qf3 Bg7 25.Bxc5 dxc5 26.Ncd5 Nxd5 27.Nxd5 Rad8 28.Rbd1  1-0

[Event "51st Groningen Open A 2013"]
[Site "Groningen NED"]
[Date "2013.12.22"]
[Round "2.1"]
[White "Rodshtein,M"]
[Black "Goudriaan,E"]
[Result "1-0"]
[WhiteElo "2683"]
[BlackElo "2429"]

1.e4 c5 2.Nf3 d6 3.Bb5+ Nd7 4.O-O a6 5.Bd3 Ngf6 6.c3 b5 7.Bc2 Bb7 8.Re1 e5
9.d4 Be7 10.Nbd2 O-O 11.Nf1 Re8 12.Ng3 Qc7 13.d5 c4 14.Nf5 Bd8 15.N3h4 Nf8
16.Bg5 Ng6 17.Qd2 Bc8 18.h3 Nxh4 19.Bxh4 Bxf5 20.exf5 Qb7 21.Rad1 Rc8 22.g4 h6
23.Bg3 Bb6 24.Kg2 b4 25.Ba4 Re7 26.Bh4 bxc3 27.bxc3 Kh7 28.Bc6 Qa7 29.Rb1 e4
30.Qf4 e3 31.Bxf6 gxf6 32.Qxd6 Re4 33.Qxf6 Bd8 34.Qd6 Bh4 35.Rb7 exf2 36.Qg6+ Kh8
37.Qxh6+ Kg8 38.Rf1  1-0

[Event "Chinese Teams 2013"]
[Site "Tianjin CHN"]
[Date "2013.12.22"]
[Round "20.1"]
[White "Yu Shaoteng"]
[Black "Zhou Jianchao"]
[Result "1/2-1/2"]
[WhiteElo "2499"]
[BlackElo "2567"]

1.e4 c5 2.Nf3 d6 3.Bb5+ Nd7 4.O-O a6 5.Bd3 Ngf6 6.c3 b5 7.Bc2 Bb7 8.Re1 e6
9.d4 Be7 10.Nbd2 O-O 11.Nf1 Qc7 12.Ng3 Rfe8 13.a4 Nb6 14.axb5 axb5 15.Rxa8 Rxa8
16.e5 dxe5 17.dxe5 Nfd7 18.Ng5 g6 19.Nxh7 Ra1 20.Nf6+ Nxf6 21.exf6 Bxf6 22.Qg4 Nd7
23.Nh5 Qe5 24.Nxf6+ Nxf6 25.Rxe5 Nxg4 26.Re1 c4 27.f3 Nf6 28.Kf2 Nd5 29.Be4 Ba8
30.Bxd5 Bxd5 31.Bf4 Ra2 32.Re2 f6 33.h4 Kf7 34.Bd6 Ra8 35.g4 Ra1 36.g5 Rh1
37.Bg3 Rd1 38.Re1 Rxe1 39.Kxe1 Bxf3 40.Kf2 Bd5 41.Ke3 e5 42.gxf6 Kxf6 43.Be1 Kf5
44.Bg3 Bc6 45.Be1 Kg4 46.Bf2 Kh3 47.Be1 Kg2 48.Bf2 Kh3 49.Be1 Kg4 50.Bf2 Bb7
51.Be1 Bd5 52.Bf2 Ba8 53.Be1 Bh1 54.Bf2 Bg2 55.Be1 Ba8 56.Bf2 Bf3 57.Be1 Bh1
58.Bf2 Bd5 59.Be1 Bc6  1/2-1/2

[Event "WYCC U16 Girls 2013"]
[Site "Al-Ain UAE"]
[Date "2013.12.23"]
[Round "7.16"]
[White "Blagojevic,Tijana"]
[Black "Gomez Camacho,Micaela"]
[Result "1-0"]
[WhiteElo "2019"]
[BlackElo "1898"]

1.e4 c5 2.Nf3 d6 3.Bb5+ Nd7 4.d4 cxd4 5.Qxd4 a6 6.Bxd7+ Bxd7 7.Bg5 Qc7 8.Nc3 e5
9.Nd5 Qa5+ 10.b4 exd4 11.bxa5 Rc8 12.Nxd4 Ne7 13.Nb6 Rc5 14.Bd2 Nc6 15.Nb3 Re5
16.f3 f5 17.Bf4 Re6 18.O-O-O Rf6 19.Rhe1 fxe4 20.Nd5 Rf7 21.Rxe4+ Kd8 22.Bg5+ Kc8
23.c4 h6 24.Bf4 g5 25.Bg3 Bf5 26.Re8+ Kd7 27.Ra8 h5 28.Nb6+ Ke6 29.Re8+ Kf6
30.Bxd6 Bxd6 31.Rxd6+ Kg7 32.Rxh8 Kxh8 33.Rh6+ Rh7 34.Rxh7+ Kxh7 35.Kd2 Kg7
36.Na4 Kf6 37.Nac5 Nd8 38.Ke3 Ke5 39.g3 Bb1 40.a3 Ba2 41.Nd3+ Kd6 42.Nd2  1-0

[Event "WYCC U18 Open 2013"]
[Site "Al-Ain UAE"]
[Date "2013.12.23"]
[Round "7.37"]
[White "Madi,Aslan"]
[Black "Schreiner,T"]
[Result "0-1"]
[WhiteElo "2099"]
[BlackElo "2304"]

1.e4 c5 2.Nf3 d6 3.Bb5+ Nd7 4.d4 cxd4 5.Qxd4 a6 6.Bxd7+ Bxd7 7.c4 b5 8.Nc3 Nf6
9.Bg5 e5 10.Qd3 bxc4 11.Qxc4 Be7 12.O-O O-O 13.Rfd1 Be6 14.Qd3 Qb6 15.Bxf6 Bxf6
16.b3 Rac8 17.Nd5 Bxd5 18.Qxd5 Rc2 19.Rd2 Rfc8 20.h3 Be7 21.Rad1 R2c5 22.Qd3 g6
23.Rb2 a5 24.Rbd2 Qc6 25.Kh2 Bf8 26.Re2 a4 27.bxa4 Qxa4 28.Rb1 Rc3 29.Qd5 R8c5
30.Qb7 Qc4 31.Rbb2 Bh6 32.Qb8+ Rc8 33.Qxd6 Bf4+ 34.g3 Rxf3 35.gxf4 Qc1 36.Kg2 Qxf4
37.Rec2 Rf8 38.Re2 Rc3 39.Qd2 Qf3+ 40.Kg1 Qxh3 41.Rb3 Rxb3 42.axb3 Qxb3 43.Re3 Qe6
44.Rg3 Rc8 45.Qh6 Rc2 46.Qh4 Qc4 47.Rf3 Qe6 48.Rh3 h5 49.Rg3 Kh7 50.Rf3 Kg7
51.Rg3 Qf6  0-1

[Event "WYCC U18 Open 2013"]
[Site "Al-Ain UAE"]
[Date "2013.12.23"]
[Round "7.6"]
[White "Drozdowski,K"]
[Black "Dragun,K"]
[Result "1/2-1/2"]
[WhiteElo "2463"]
[BlackElo "2530"]

1.e4 c5 2.Nf3 d6 3.Bb5+ Bd7 4.Bxd7+ Qxd7 5.c4 Nf6 6.Nc3 g6 7.O-O Bg7 8.h3 O-O
9.Rb1 e6 10.d3 Nc6 11.a3 b6 12.Be3 Rad8 13.Qc1 Ne8 14.Bg5 f6 15.Bh4 h6 16.Bg3 f5
17.exf5 gxf5 18.Re1 Nf6 19.b4 Nh5 20.Bh4 Rde8 21.Ne2 Kh7 22.Qd1 e5 23.b5 Ne7
24.Bxe7 Qxe7 25.Nc3 Nf4 26.Ne2 Nh5 27.Nc3 Qf7 28.Nd5 Rg8 29.Nh4 Bh8 30.Kh1 Rg5
31.Qf3 Ng7 32.g4 Rf8  1/2-1/2

[Event "51st Groningen Open A 2013"]
[Site "Groningen NED"]
[Date "2013.12.24"]
[Round "4.4"]
[White "Rodshtein,M"]
[Black "Svane,R"]
[Result "1-0"]
[WhiteElo "2683"]
[BlackElo "2472"]

1.e4 c5 2.Nf3 d6 3.Bb5+ Bd7 4.c4 Nf6 5.Nc3 g6 6.O-O Bg7 7.d4 cxd4 8.Nxd4 O-O
9.Bxd7 Qxd7 10.b3 Nc6 11.Bb2 a6 12.Nxc6 bxc6 13.Qe2 Rad8 14.Rad1 Rfe8 15.Na4 e5
16.Rd2 d5 17.cxd5 cxd5 18.exd5 Qb5 19.Rfd1 Qxe2 20.Rxe2 Rxd5 21.Rxd5 Nxd5
22.Rd2 Nf4 23.Nc5 Rc8 24.g3 e4 25.gxf4 Bxb2 26.Nxe4 Bc1 27.Rd6 Bxf4 28.Rxa6 Rc2
29.a4 Be5 30.a5 Re2 31.Nf6+ Kg7 32.Ng4 Bd4 33.Rd6 Ba7 34.Rd7 Bc5 35.Rc7 Bb4
36.a6 Ra2 37.Rc4 Bd6 38.Ra4 Rxa4 39.bxa4 Bb8 40.Ne5  1-0

[Event "51st Groningen Open A 2013"]
[Site "Groningen NED"]
[Date "2013.12.24"]
[Round "4.11"]
[White "De Jong,M"]
[Black "Zakhartsov,Vi"]
[Result "1-0"]
[WhiteElo "2347"]
[BlackElo "2555"]

1.e4 c5 2.Nf3 d6 3.Bb5+ Nd7 4.O-O Nf6 5.Re1 a6 6.Bf1 b6 7.c3 Bb7 8.Bd3 Ne5
9.Bc2 Nxf3+ 10.Qxf3 Rc8 11.d3 g6 12.Qe2 Qc7 13.Bg5 Bg7 14.Nd2 O-O 15.Rac1 h6
16.Bh4 Nh5 17.Nf1 e6 18.Qd2 d5 19.Bd1 Qf4 20.g3 Qxd2 21.Nxd2 Nf6 22.f4 Nd7
23.g4 b5 24.e5 g5 25.Bg3 gxf4 26.Bxf4 f6 27.exf6 Rxf6 28.Bg3 e5 29.Nf3 Re6
30.Nh4 Rce8 31.Nf5 Bf8 32.Bf3 Nf6 33.h3 e4 34.dxe4 Nxe4 35.Bxe4 Rxe4 36.Rxe4 Rxe4
37.Bd6 Re2 38.Bxf8 Kxf8 39.Rf1 Kg8 40.Rf2 Re1+ 41.Kh2 Re6 42.Kg3 a5 43.a3 a4
44.h4 Kh7 45.h5 Bc6 46.Kh4 Kg8 47.Rf4 Kh7 48.Ng3 Kg7 49.g5 hxg5+ 50.Kxg5 Be8
51.Rf2 Kh7 52.Re2 Rxe2 53.Nxe2 Bf7 54.h6 Bg6 55.Nf4 Bf7 56.Kf6 Bg8 57.Ke5 d4
58.cxd4 cxd4 59.Kxd4 Kxh6 60.Nd5 Kg5 61.Kc5 Bf7 62.Nc3 Kf4 63.Kxb5 Be8+ 64.Kb4 Ke3
65.Nxa4 Kd3 66.Nc5+ Kc2 67.b3 Bc6 68.a4 Bd5 69.a5 Bc6 70.a6 Bd5 71.Kb5 Kc3
72.Kb6 Kd4 73.Nb7  1-0

[Event "Chinese Teams 2013"]
[Site "Tianjin CHN"]
[Date "2013.12.24"]
[Round "22.1"]
[White "Yu Shaoteng"]
[Black "Chu Wei Chao"]
[Result "1-0"]
[WhiteElo "2499"]
[BlackElo "2275"]

1.e4 c5 2.Nf3 d6 3.Bb5+ Bd7 4.c4 Nc6 5.d4 a6 6.Bxc6 Bxc6 7.Nc3 cxd4 8.Nxd4 e5
9.Nxc6 bxc6 10.O-O Be7 11.Qa4 Qd7 12.c5 dxc5 13.Rd1 Qb7 14.Nd5 Bd8 15.Be3 Qb5
16.Nc3 Qxa4 17.Nxa4 Nf6 18.f3 Be7 19.Nxc5 Bxc5 20.Bxc5 Nd7 21.Rac1 Rc8 22.Rd6 Nxc5
23.Rxc5 Ke7 24.Rdxc6 Rxc6 25.Rxc6 Rd8 26.Rc2 g6 27.Kf2 f5 28.Ke3 Rd6 29.Rc7+ Ke6
30.Rxh7 fxe4 31.fxe4 Rc6 32.Rg7 Rc2 33.Rxg6+ Kf7 34.Rxa6 Rxg2 35.b4 Rb2 36.a3 Rb3+
37.Kd2 Ke7 38.h4 Rh3 39.b5 Kd7 40.a4 Rxh4 41.Kd3 Rh1 42.Kc4 Rd1 43.Kc5 Rd4
44.Ra7+ Kc8 45.a5 Rxe4 46.a6 Kb8 47.Rb7+ Ka8 48.Re7 Rh4 49.b6 Rh8 50.Kb5  1-0

[Event "Al-Ain Classic Open A 2013"]
[Site "Al-Ain UAE"]
[Date "2013.12.26"]
[Round "7.1"]
[White "Vovk,A"]
[Black "Jobava,Ba"]
[Result "1/2-1/2"]
[WhiteElo "2599"]
[BlackElo "2705"]

1.e4 c5 2.Nf3 d6 3.Bb5+ Bd7 4.Bxd7+ Qxd7 5.O-O Nc6 6.c3 Nf6 7.Qe2 e6 8.d4 cxd4
9.cxd4 d5 10.e5 Ne4 11.Nbd2 Nxd2 12.Bxd2 Be7 13.Qd3 h6 14.Rac1 O-O 15.h3 Rac8
16.Rc2 Bd8 17.Rfc1 Bb6 18.Qb5 Rcd8 19.Qd3 a6 20.a4 Rc8 21.Bc3 Rc7 22.Qd2 Rfc8
23.b3 Qe7 24.Bb2 Kf8 25.Kf1 Ke8 26.Qd3 Qf8 27.Ra1 Ba5 28.Ba3 Bb4 29.Bxb4 Nxb4
30.Rxc7 Rxc7 31.Qd1 Kd7 32.Rc1 Rxc1 33.Qxc1 Nc6 34.Qc3 Qa3 35.Ke2 b5 36.axb5 axb5
37.Nd2 Qa7 38.Nf3 b4 39.Qd3 Qa2+ 40.Ke3 Kc7 41.Ne1 Qb2 42.Nc2 Kb6 43.Kf4 Ka5
44.h4 g6 45.Ke3 Na7 46.Ne1 Nb5 47.Nf3 Na3 48.Ne1 Qc1+ 49.Ke2 Nb5 50.g3 h5
51.Kf1 Qb2 52.Nf3 Qc3 53.Qd1 Na7 54.Ke2 Qb2+ 55.Ke3 Nb5 56.Qd3 Nc3 57.Nd2 Qc1
58.Qf1 Qb2 59.Qd3 Kb6 60.Kf3 Nb5 61.Ke3 Qc1 62.Ke2 Nc3+ 63.Kf3 Qh1+ 64.Ke3 Qe1+
65.Kf3 Qh1+ 66.Ke3 Qa1 67.Qf1 Qb2 68.Qd3 Ka5 69.Kf3 Nb5 70.Ke3 Na3 71.Nf3 Kb6
72.Ne1 Ka5 73.Nf3 Nb1 74.Kf4 Qc1+ 75.Qe3 Qc2 76.Kg5 Nc3 77.Kf6 Qxb3 78.Kxf7 Qc2
79.Kxe6 b3 80.Kd7 b2 81.Nd2 Nb5 82.Ke6 Kb4 83.Kxd5 Nc3+ 84.Ke6 Ne4 85.Nxe4 b1=Q
86.Nd6 Qbb3+ 87.d5 Qxe3 88.fxe3 Kc5 89.e4 Kd4 90.Nf7 Qb3 91.Kf6 Qxg3 92.e6 Qxh4+
93.Ng5 Qf4+ 94.Kxg6 Qf8 95.Nf7 Qe7 96.Kf5 Qc5 97.Kf6 Kxe4 98.e7 Qxe7+ 99.Kxe7  1/2-1/2

[Event "PanAm Intercollegiate 2013"]
[Site "Lubbock USA"]
[Date "2013.12.27"]
[Round "1.1"]
[White "Meier,Geo"]
[Black "Robinson,Dar"]
[Result "1-0"]
[WhiteElo "2619"]
[BlackElo "2022"]

1.e4 c5 2.Nf3 d6 3.Bb5+ Bd7 4.Bxd7+ Qxd7 5.c4 Nc6 6.d4 cxd4 7.Nxd4 g6 8.Nc3 Bg7
9.Nde2 Nf6 10.f3 O-O 11.O-O a6 12.a4 Qc7 13.Kh1 Rac8 14.b3 Qb6 15.Rb1 Rfd8
16.Bg5 Nb4 17.Qd2 Rd7 18.Rfd1 Qc5 19.Rbc1 Nc6 20.Nd5 Qa5 21.Qxa5 Nxa5 22.Nb6 Rcd8
23.Nxd7 Rxd7 24.Rd3 b6 25.Rcd1 Nb7 26.e5 Ne8 27.Re3 e6 28.exd6 Nexd6 29.Red3 Bf8
30.Bf4 Kg7 31.Nc3 f6 32.Ne4 e5 33.Be3  1-0